[Event "OLNO 1920 SC Zitadelle-Spandau - SK Kön"]
[Site "?"]
[Date "2020.02.09"]
[Round "6.8"]
[White "Riedel, Hartmut"]
[Black "Kachibadze, Georg"]
[Result "1/2-1/2"]
[WhiteElo "1951"]
[BlackElo "2273"]
[PlyCount "90"]
[EventDate "2020.??.??"]

1. d4 d5 2. c4 e6 3. Nc3 Nf6 4. Bg5 Be7 5. e3 O-O 6. cxd5 exd5 7. Bd3 Nbd7 8.
Nge2 Re8 9. Qc2 Nf8 10. h3 Be6 11. Nf4 h6 12. Nxe6 Nxe6 13. Bh4 c6 14. O-O Nh5
15. Bxe7 Qxe7 16. Rab1 Qh4 17. Rfe1 Ng5 18. Bf1 Re6 19. Kh1 Nf6 20. g3 Qh5 21.
Qd1 Qg6 22. Bd3 Nfe4 23. Bxe4 dxe4 24. Kg2 Rf6 25. Rf1 Rd8 26. Ne2 Nf3 27. Ng1
c5 28. Nxf3 exf3+ 29. Kh2 Qe4 30. Re1 cxd4 31. exd4 Qxd4 32. Re8+ Kh7 33. Qxd4
Rxd4 34. g4 h5 35. Kg3 hxg4 36. hxg4 Rff4 37. Re7 Rxg4+ 38. Kxf3 Rgf4+ 39. Ke3
b5 40. Rxa7 Rde4+ 41. Kd3 f5 42. Rh1+ Kg8 43. Rh2 Rf3+ 44. Kd2 Rb4 45. Rg2
Rxb2+ 1/2-1/2

[Event "OLNO 1920 SK König Tegel II - SSC Graa"]
[Site "?"]
[Date "2020.03.01"]
[Round "7.1"]
[White "Luethke, Hans-Eckart"]
[Black "Giemsa, Stephan"]
[Result "0-1"]
[WhiteElo "2091"]
[BlackElo "2295"]
[PlyCount "52"]
[EventDate "2020.??.??"]

1. e4 e6 2. d4 d5 3. Nc3 Nf6 4. e5 Nfd7 5. f4 c5 6. Nf3 Nc6 7. Ne2 Be7 8. c3
O-O 9. Be3 Rb8 10. g4 f6 11. Bh3 fxe5 12. dxe5 Ndxe5 13. Nxe5 Nxe5 14. fxe5 Rf3
15. Bf4 Rxh3 16. Bg3 Bd7 17. Nf4 Rh6 18. Qe2 b5 19. O-O-O b4 20. Qf2 c4 21.
cxb4 Rxb4 22. h4 Qa5 23. g5 Qxa2 24. gxh6 Qa1+ 25. Kd2 Rxb2+ 26. Ke3 Qa3+ 0-1

[Event "OLNO 1920 SK König Tegel II - SSC Graa"]
[Site "?"]
[Date "2020.03.01"]
[Round "7.2"]
[White "Anibar, Ahmed"]
[Black "Jansen, Andreas"]
[Result "1-0"]
[WhiteElo "2273"]
[BlackElo "2095"]
[PlyCount "81"]
[EventDate "2020.??.??"]

1. e4 g6 2. d4 d6 3. Nc3 Bg7 4. Bg5 c6 5. Qd2 Qc7 6. f4 h5 7. Nf3 Nd7 8. e5 d5
9. e6 Nf8 10. exf7+ Kxf7 11. Ne5+ Bxe5 12. fxe5 Bf5 13. O-O-O e6 14. Be2 Nh7
15. Be3 Ne7 16. Rdf1 Rag8 17. g3 Ke8 18. h3 b5 19. g4 hxg4 20. hxg4 b4 21. Na4
Be4 22. Rh6 Qa5 23. b3 Nf8 24. a3 c5 25. axb4 cxb4 26. Kb2 Nd7 27. Ra1 Qc7 28.
Rc1 Rxh6 29. Bxh6 Rh8 30. Bb5 Qb7 31. Bxd7+ Qxd7 32. Nc5 Qc8 33. Rf1 Nc6 34.
Qf4 Nd8 35. Qf6 Rg8 36. Bg5 Qc7 37. Ra1 Rf8 38. Qxd8+ Qxd8 39. Bxd8 Rf2 40.
Nxe4 dxe4 41. Ba5 1-0

[Event "OLNO 1920 SK König Tegel II - SSC Graa"]
[Site "?"]
[Date "2020.03.01"]
[Round "7.3"]
[White "Van Bentum, Horst"]
[Black "Jahnz, Fabian"]
[Result "1/2-1/2"]
[WhiteElo "2036"]
[BlackElo "2233"]
[PlyCount "37"]
[EventDate "2020.??.??"]

1. e4 e5 2. Nf3 Nc6 3. Bb5 a6 4. Ba4 Nf6 5. O-O Be7 6. Bxc6 dxc6 7. d3 Be6 8.
Nbd2 Bd6 9. b3 Nd7 10. Nc4 f6 11. Nh4 g6 12. Nxd6+ cxd6 13. d4 Qe7 14. Ba3 c5
15. dxc5 dxc5 16. Qd2 O-O-O 17. Rad1 Kc7 18. Qe3 b6 19. f4 1/2-1/2

[Event "OLNO 1920 SK König Tegel II - SSC Graa"]
[Site "?"]
[Date "2020.03.01"]
[Round "7.5"]
[White "Simcaks, Sergejs"]
[Black "Niehaus, Frank"]
[Result "1/2-1/2"]
[WhiteElo "1848"]
[BlackElo "2066"]
[PlyCount "72"]
[EventDate "2020.??.??"]

1. e4 c5 2. Nf3 d6 3. d4 cxd4 4. Nxd4 Nf6 5. Nc3 g6 6. f4 Bg7 7. e5 Nh5 8. Bb5+
Bd7 9. exd6 O-O 10. Bxd7 Nxd7 11. dxe7 Qxe7+ 12. Kf2 Rfe8 13. Nce2 Rad8 14. c3
Ndf6 15. Rf1 Ng4+ 16. Kg1 Bxd4+ 17. Nxd4 Qh4 18. h3 Ngf6 19. Qf3 Ng3 20. Rd1
Nfe4 21. Be3 Qe7 22. Re1 Qd7 23. f5 Nxf5 24. Nxf5 Qxf5 25. Qxf5 gxf5 26. Bxa7
Rd2 27. b3 Ra8 28. Bd4 Raxa2 29. Rxa2 Rxa2 30. g4 f6 31. gxf5 Ng5 32. Re8+ Kf7
33. Rb8 Nf3+ 34. Kf1 Rd2 35. Rxb7+ Kf8 36. Bxf6 Nh2+ 1/2-1/2

[Event "OLNO 1920 SK König Tegel II - SSC Graa"]
[Site "?"]
[Date "2020.03.01"]
[Round "7.6"]
[White "Kachibadze, Georg"]
[Black "Schulz, Wolf-Detlef"]
[Result "1-0"]
[WhiteElo "2266"]
[BlackElo "1826"]
[PlyCount "121"]
[EventDate "2020.??.??"]

1. e4 e5 2. Nf3 Nc6 3. Bc4 Nf6 4. d3 Bc5 5. c3 Qe7 6. Nbd2 a5 7. O-O d6 8. h3
O-O 9. Re1 a4 10. Nf1 Bd7 11. Bb5 a3 12. b4 Bb6 13. Ng3 Nd4 14. Bxd7 Nxf3+ 15.
Qxf3 Nxd7 16. Nf5 Qe6 17. Bh6 g6 18. Qg3 Rfc8 19. Kh1 f6 20. f4 Kf7 21. fxe5
dxe5 22. Ne3 Rg8 23. Rf1 Ke8 24. Qf3 Bxe3 25. Bxe3 Ra6 26. c4 Qd6 27. Rfd1 Qe6
28. b5 Ra4 29. Rab1 Kf7 30. Rf1 b6 31. Rb3 Rga8 32. Qg3 Rg8 33. Qh4 Rg7 34. Qe1
Ke7 35. Qc3 Qd6 36. Bc1 Nc5 37. Rxa3 Rxa3 38. Bxa3 Ke6 39. Rf3 Rg8 40. Qe1 Ra8
41. Qh4 g5 42. Qg4+ Ke7 43. Bxc5 bxc5 44. Qf5 Rxa2 45. Qxh7+ Kd8 46. Qh8+ Kd7
47. Rxf6 Qe7 48. Rg6 Rf2 49. Rg7 Rf7 50. Rxf7 Qxf7 51. Qxe5 Qf1+ 52. Kh2 Qc1
53. Qxc5 Qf4+ 54. Kh1 Qf1+ 55. Kh2 Qf4+ 56. g3 Qd2+ 57. Kg1 Qd1+ 58. Kg2 Qd2+
59. Qf2 Qxd3 60. Qf7+ Kc8 61. Qg8+ 1-0

[Event "OLNO 1920 SK König Tegel II - SSC Graa"]
[Site "?"]
[Date "2020.03.01"]
[Round "7.7"]
[White "Jeske, Holger"]
[Black "Roth, Josef"]
[Result "0-1"]
[WhiteElo "1870"]
[BlackElo "1994"]
[PlyCount "62"]
[EventDate "2020.??.??"]

1. d4 Nf6 2. c4 g6 3. Nc3 Bg7 4. e4 d6 5. h3 O-O 6. Be3 Nbd7 7. Nge2 e5 8. d5
a5 9. g4 Nc5 10. Ng3 Bd7 11. h4 c6 12. Be2 Ne8 13. g5 Nc7 14. h5 Rb8 15. a4
N7a6 16. Kf1 Qe7 17. Bg4 f5 18. gxf6 Qxf6 19. hxg6 hxg6 20. Bxd7 Nxd7 21. Qg4
Ndc5 22. Rd1 Nb4 23. Rh2 Ncd3 24. Rd2 Nf4 25. Nce2 c5 26. Ng1 Rf7 27. Nh3 Nbd3
28. Ng5 Re7 29. f3 b6 30. Rh1 Bf8 31. Rdh2 Qg7 0-1

[Event "OLNO 1920 SC Weisse Dame - SC Zitadelle"]
[Site "?"]
[Date "2020.03.01"]
[Round "7.1"]
[White "Cremer, Jan Paul"]
[Black "Moeller, Hendrik"]
[Result "0-1"]
[WhiteElo "2223"]
[BlackElo "2278"]
[PlyCount "82"]
[EventDate "2020.??.??"]

1. e4 c6 2. d4 d5 3. Nc3 dxe4 4. Nxe4 Bf5 5. Ng3 Bg6 6. h4 h6 7. Nf3 Nd7 8. h5
Bh7 9. Bd3 Bxd3 10. Qxd3 e6 11. Bd2 Ngf6 12. O-O-O Be7 13. Qe2 Qb6 14. Ne5 O-O
15. Ng6 Rfe8 16. Nxe7+ Rxe7 17. Nf5 Ree8 18. Nd6 Red8 19. Rh3 c5 20. Nc4 Qc7
21. Rg3 Kf8 22. dxc5 Nxc5 23. Ne5 Nfe4 24. Re3 Qxe5 25. f3 Na4 26. c3 Qxh5 27.
fxe4 Qxe2 28. Rxe2 Nc5 29. Rf1 e5 30. Kc2 a6 31. Rf3 Ke7 32. Be3 Ne6 33. b4
Rac8 34. Kb3 f6 35. Bc1 Rd1 36. Kc2 Rd4 37. a4 Rdc4 38. Kb3 Rxc3+ 39. Rxc3 Nd4+
40. Kb2 Rxc3 41. Rd2 Rxc1 0-1

[Event "OLNO 1920 SC Weisse Dame - SC Zitadelle"]
[Site "?"]
[Date "2020.03.01"]
[Round "7.2"]
[White "Waldmann, Hans-Joachim"]
[Black "Engers, Felix"]
[Result "1-0"]
[WhiteElo "2281"]
[BlackElo "2206"]
[PlyCount "59"]
[EventDate "2020.??.??"]

1. d4 Nf6 2. Nf3 g6 3. Bf4 Bg7 4. e3 O-O 5. Nbd2 d5 6. Bd3 c5 7. O-O Bg4 8. h3
Bxf3 9. Nxf3 Nc6 10. c3 cxd4 11. exd4 a6 12. Qe2 e6 13. Rfe1 Ne8 14. h4 Nd6 15.
h5 b5 16. hxg6 hxg6 17. Bxg6 e5 18. dxe5 fxg6 19. Bg5 Qd7 20. exd6 Rae8 21. Be7
Nxe7 22. dxe7 Rf6 23. Rad1 Rd6 24. Rd3 Bf6 25. Re3 Kg7 26. Ne5 Qf5 27. Ng4 d4
28. Nxf6 dxe3 29. Nxe8+ Kf7 30. Nxd6+ 1-0

[Event "OLNO 1920 SC Weisse Dame - SC Zitadelle"]
[Site "?"]
[Date "2020.03.01"]
[Round "7.3"]
[White "Perestjuk, Marko"]
[Black "Hansen, Kay"]
[Result "0-1"]
[WhiteElo "2126"]
[BlackElo "2141"]
[PlyCount "68"]
[EventDate "2020.??.??"]

1. e4 c6 2. d4 d5 3. e5 Bf5 4. h4 h5 5. c4 e6 6. Nc3 Ne7 7. Bg5 dxc4 8. Bxc4
Qb6 9. Qd2 Nd7 10. Nge2 O-O-O 11. Qc1 f6 12. exf6 gxf6 13. Be3 Qb4 14. Bb3 Nb6
15. O-O Ned5 16. Bd2 Qe7 17. a4 Qg7 18. a5 Nxc3 19. Qxc3 Nd5 20. Bxd5 Rxd5 21.
a6 Rb5 22. axb7+ Qxb7 23. Rxa7 Rb3 24. Qa5 Qb6 25. Qa4 Rxb2 26. Rc1 Bc2 27. Qa1
Bd6 28. Ra8+ Bb8 29. Ra6 Qb3 30. Rxc6+ Kd7 31. Rc3 Rb1 32. Qa6 Bd3 33. Rxb1
Qxb1+ 34. Rc1 Qxc1+ 0-1

[Event "OLNO 1920 SC Weisse Dame - SC Zitadelle"]
[Site "?"]
[Date "2020.03.01"]
[Round "7.5"]
[White "Van der Veen, Terry"]
[Black "Abraham, Ingo"]
[Result "0-1"]
[WhiteElo "2081"]
[BlackElo "2219"]
[PlyCount "81"]
[EventDate "2020.??.??"]

1. Nf3 Nf6 2. g3 d5 3. Bg2 c6 4. O-O Bg4 5. c4 e6 6. b3 Be7 7. Bb2 O-O 8. d3
Nbd7 9. Nbd2 Qa5 10. a3 dxc4 11. Nxc4 Qh5 12. h4 Rad8 13. Re1 Qb5 14. Nd4 Qa6
15. f3 e5 16. fxg4 exd4 17. g5 Ng4 18. e4 Nde5 19. Bh3 Nxc4 20. bxc4 Ne3 21.
Qe2 c5 22. Bc1 Bd6 23. Bxe3 dxe3 24. Kg2 Be5 25. Rad1 Bd4 26. Rf1 Qxa3 27. h5
Rd6 28. Rb1 Qa6 29. Qf3 Qc6 30. e5 Bxe5 31. Rxb7 e2 32. Re1 Qxf3+ 33. Kxf3
Rxd3+ 34. Kxe2 Rxg3 35. Rh1 Rxg5 36. Rxa7 Rxh5 37. Kf3 Bd4 38. Kg4 Rh6 39. Rf1
Rg6+ 40. Kh5 Rh6+ 41. Kg4 0-1

[Event "OLNO 1920 SC Weisse Dame - SC Zitadelle"]
[Site "?"]
[Date "2020.03.01"]
[Round "7.6"]
[White "Kaiser, Martin"]
[Black "Kohler, Thomas"]
[Result "0-1"]
[WhiteElo "2146"]
[BlackElo "2162"]
[PlyCount "74"]
[EventDate "2020.??.??"]

1. e4 c5 2. c3 e5 3. Nf3 Nc6 4. d4 exd4 5. cxd4 cxd4 6. Nxd4 Nf6 7. Nc3 Bb4 8.
Nxc6 dxc6 9. Qxd8+ Kxd8 10. f3 Be6 11. Be3 Nd7 12. Bd4 f6 13. a3 Bc5 14. O-O-O
Kc7 15. Be2 Bxd4 16. Rxd4 Nc5 17. Bd1 Rhd8 18. Rxd8 Rxd8 19. Bc2 Nb3+ 20. Bxb3
Bxb3 21. Re1 b5 22. Re2 a5 23. Rd2 Rd6 24. f4 b4 25. Ne2 c5 26. Rxd6 Kxd6 27.
Kd2 Bc4 28. h4 Be6 29. Ng3 g6 30. Nf1 f5 31. e5+ Kd5 32. Ke3 bxa3 33. bxa3 Kc4
34. Nd2+ Kc3 35. Nf3 h6 36. h5 gxh5 37. Nh4 Kb2 0-1

[Event "OLNO 1920 SC Weisse Dame - SC Zitadelle"]
[Site "?"]
[Date "2020.03.01"]
[Round "7.7"]
[White "Schulz, Michael"]
[Black "Kyritz, Michael"]
[Result "1/2-1/2"]
[WhiteElo "2122"]
[BlackElo "2244"]
[PlyCount "49"]
[EventDate "2020.??.??"]

1. d4 d5 2. Bg5 Nf6 3. Bxf6 exf6 4. e3 c6 5. c4 dxc4 6. Bxc4 Bd6 7. Nc3 Qe7 8.
Nge2 O-O 9. Qc2 Nd7 10. Bd3 g6 11. h4 f5 12. h5 Nf6 13. hxg6 fxg6 14. O-O-O b5
15. Nf4 Bd7 16. Kb1 Rac8 17. Rh3 b4 18. Qb3+ Kg7 19. Na4 c5 20. Nxc5 Bxc5 21.
dxc5 Rxc5 22. Rhh1 a5 23. Ba6 a4 24. Qd3 Re8 25. Qd6 1/2-1/2

[Event "OLNO 1920 SC Weisse Dame - SC Zitadelle"]
[Site "?"]
[Date "2020.03.01"]
[Round "7.8"]
[White "Gross, Thorsten"]
[Black "Boettcher, Patrick"]
[Result "0-1"]
[WhiteElo "2153"]
[BlackElo "2073"]
[PlyCount "104"]
[EventDate "2020.??.??"]

1. e4 c5 2. c3 Nf6 3. e5 Nd5 4. Nf3 e6 5. d4 cxd4 6. cxd4 d6 7. Nc3 Nxc3 8.
bxc3 Qc7 9. Bb2 Nd7 10. exd6 Bxd6 11. Bd3 b6 12. O-O O-O 13. Be4 Bb7 14. Bxb7
Qxb7 15. Qb3 Rac8 16. Rfe1 Qc7 17. h3 Bf4 18. a4 Qc4 19. Qb5 Nf6 20. g3 Bh6 21.
Qxc4 Rxc4 22. Ne5 Rc7 23. Re2 Rfc8 24. a5 b5 25. a6 Nd5 26. Ra5 Rb8 27. Ra3 Rb6
28. Rb3 g6 29. Kg2 Bf8 30. Re1 Bd6 31. Nd3 Rxa6 32. Rxb5 Nxc3 33. Rb8+ Kg7 34.
Rb3 Nd5 35. Nc5 Rb6 36. Rxb6 axb6 37. Ne4 Rc2 38. Rb1 Be7 39. g4 f5 40. gxf5
gxf5 41. Ng3 b5 42. Bc1 b4 43. Nh5+ Kf7 44. Bf4 Nc3 45. Rb3 Ne4 46. Be3 Rc3 47.
Rb1 b3 48. Ng3 Nxg3 49. Kxg3 Ba3 50. Kf4 b2 51. d5 Rc1 52. dxe6+ Kxe6 0-1

[Event "OLNO 1920 SV Empor Berlin - SC Rotation"]
[Site "?"]
[Date "2020.03.01"]
[Round "7.1"]
[White "Rietze, Clemens"]
[Black "Volke, Karsten"]
[Result "1/2-1/2"]
[WhiteElo "2265"]
[BlackElo "2455"]
[PlyCount "44"]
[EventDate "2020.??.??"]

1. d4 Nf6 2. c4 e6 3. Nf3 d5 4. Nc3 dxc4 5. e3 a6 6. Bxc4 b5 7. Bb3 Bb7 8. O-O
c5 9. Qe2 Nbd7 10. Rd1 Qb8 11. d5 exd5 12. Nxd5 Nxd5 13. Bxd5 Bxd5 14. Rxd5 Qb7
15. e4 Be7 16. Bf4 O-O 17. Bd6 Nb6 18. Rdd1 Rfe8 19. Qc2 Bxd6 20. Rxd6 Nc4 21.
Rd5 Nb6 22. Rxc5 Qxe4 1/2-1/2

[Event "OLNO 1920 SV Empor Berlin - SC Rotation"]
[Site "?"]
[Date "2020.03.01"]
[Round "7.2"]
[White "Thinius, Marco"]
[Black "Dauth, Benjamin"]
[Result "1-0"]
[WhiteElo "2388"]
[BlackElo "2285"]
[PlyCount "89"]
[EventDate "2020.??.??"]

1. Nf3 e6 2. c4 d5 3. g3 Nf6 4. Bg2 Be7 5. O-O O-O 6. d4 b6 7. cxd5 Nxd5 8. e4
Nf6 9. Nc3 Bb7 10. Re1 Nbd7 11. Bf4 Bb4 12. Qc2 c5 13. Bd6 Re8 14. e5 Bxc3 15.
bxc3 Nd5 16. c4 Nb4 17. Qb3 Nc6 18. d5 Na5 19. Qd3 Ba6 20. Nd2 exd5 21. Bxd5
Bb7 22. Nb3 Bxd5 23. Qxd5 Nxb3 24. axb3 Qc8 25. e6 fxe6 26. Rxe6 Kh8 27. Rae1
Nf6 28. Rxe8+ Nxe8 29. Be5 Qd8 30. Qf3 Nf6 31. Bxf6 gxf6 32. Re6 Kg7 33. Qb7+
Kh8 34. Re7 Qg8 35. Rxh7+ Qxh7 36. Qxa8+ Qg8 37. Qxg8+ Kxg8 38. g4 Kf7 39. Kf1
a5 40. Ke2 Ke6 41. h4 f5 42. g5 f4 43. g6 Kf6 44. h5 Kg7 45. Kd3 1-0

[Event "OLNO 1920 SV Empor Berlin - SC Rotation"]
[Site "?"]
[Date "2020.03.01"]
[Round "7.3"]
[White "Neumeier, Lars"]
[Black "Foerster, Jonas"]
[Result "1/2-1/2"]
[WhiteElo "2306"]
[BlackElo "2300"]
[PlyCount "64"]
[EventDate "2020.??.??"]

1. d4 Nf6 2. Nf3 e6 3. c4 Bb4+ 4. Nbd2 O-O 5. e3 d5 6. a3 Bxd2+ 7. Bxd2 b6 8.
Rc1 Ba6 9. b4 Ne4 10. Qc2 c5 11. dxc5 bxc5 12. Bd3 Bxc4 13. Bxe4 dxe4 14. Qxc4
exf3 15. gxf3 Nd7 16. Bc3 cxb4 17. axb4 Rc8 18. Qd4 e5 19. Qd5 Qe7 20. Ke2 Rfe8
21. Rhd1 Nf8 22. Qe4 Qe6 23. Rd5 Ng6 24. Bb2 Rxc1 25. Bxc1 Qa6+ 26. Qd3 Qa1 27.
Bd2 Nf4+ 28. exf4 exf4+ 29. Be3 fxe3 30. fxe3 Qa2+ 31. Qd2 Qc4+ 32. Kf2 h6
1/2-1/2

[Event "OLNO 1920 SV Empor Berlin - SC Rotation"]
[Site "?"]
[Date "2020.03.01"]
[Round "7.4"]
[White "Urban, Julian"]
[Black "Seils, Joerg"]
[Result "1-0"]
[WhiteElo "2235"]
[BlackElo "2328"]
[PlyCount "47"]
[EventDate "2020.??.??"]

1. Nf3 Nf6 2. g3 e6 3. Bg2 d5 4. O-O Be7 5. d3 c5 6. Nbd2 Nc6 7. e4 b6 8. Re1
Bb7 9. c3 Qc7 10. Qe2 h6 11. a3 O-O-O 12. b4 c4 13. dxc4 dxe4 14. Nxe4 Nxe4 15.
Qxe4 Nxb4 16. Qxb7+ Qxb7 17. axb4 Qc7 18. Ne5 Bf6 19. Nc6 Bxc3 20. Bf4 e5 21.
Bh3+ Rd7 22. Nxe5 Bxe1 23. Nxd7 Qd8 24. Nc5+ 1-0

[Event "OLNO 1920 SV Empor Berlin - SC Rotation"]
[Site "?"]
[Date "2020.03.01"]
[Round "7.5"]
[White "Bruchmann, Stephan"]
[Black "Sulayev, Daniel"]
[Result "1/2-1/2"]
[WhiteElo "2225"]
[BlackElo "2191"]
[PlyCount "134"]
[EventDate "2020.??.??"]

1. e4 c5 2. Nf3 g6 3. c3 Bg7 4. d4 cxd4 5. cxd4 d5 6. e5 Nc6 7. h3 Nh6 8. Bxh6
Bxh6 9. Nc3 O-O 10. Be2 Be6 11. O-O f6 12. Bb5 Qd7 13. Re1 a6 14. Bf1 b5 15. a4
b4 16. Na2 Bf5 17. exf6 exf6 18. Nc1 Na5 19. Nd3 Bxd3 20. Qxd3 Rfc8 21. Re2 Nc4
22. g3 a5 23. Bg2 Re8 24. Rae1 Rxe2 25. Qxe2 Kf7 26. Nh2 Nb6 27. Ng4 Bf8 28.
Qf3 Qd6 29. Rc1 Rc8 30. Rxc8 Nxc8 31. Qxd5+ Qxd5 32. Bxd5+ Ke7 33. Bg8 Nb6 34.
b3 h6 35. Kf1 Bg7 36. Ne3 f5 37. d5 Kf8 38. Be6 Ke7 39. Ke2 Be5 40. f4 Bd6 41.
Kd3 h5 42. Kd4 h4 43. g4 Bxf4 44. Ng2 Bg3 45. gxf5 Bf2+ 46. Ke5 Bg3+ 47. Ke4
gxf5+ 48. Bxf5 Kd6 49. Be6 Bf2 50. Nf4 Bg3 51. Nd3 Na8 52. Nb2 Nb6 53. Nd1 Kc5
54. Ne3 Bc7 55. Nf5 Bd8 56. Nd4 Bc7 57. Nc6 Na8 58. Kf5 Nb6 59. Ke4 Na8 60. Bf7
Nb6 61. Nd4 Bg3 62. Bg8 Nd7 63. Be6 Nf6+ 64. Kd3 Nxd5 65. Bxd5 Kxd5 66. Nf5 Bf2
67. Ne7+ Kd6 1/2-1/2

[Event "OLNO 1920 SV Empor Berlin - SC Rotation"]
[Site "?"]
[Date "2020.03.01"]
[Round "7.6"]
[White "Nitsche-Hahn, Raphael"]
[Black "Guth, Thomas"]
[Result "1-0"]
[WhiteElo "2072"]
[BlackElo "2260"]
[PlyCount "57"]
[EventDate "2020.??.??"]

1. d4 e6 2. Bf4 d6 3. Nf3 Nd7 4. e3 Ngf6 5. Be2 Be7 6. h3 b6 7. c4 c5 8. Nc3 a6
9. O-O O-O 10. a3 Bb7 11. b4 cxd4 12. exd4 Rc8 13. Qb3 Re8 14. Rfd1 Qc7 15. c5
Bxf3 16. Bxf3 e5 17. dxe5 Nxe5 18. Bxe5 dxe5 19. Nd5 Nxd5 20. Bxd5 Rf8 21. c6
b5 22. Rac1 Bd8 23. Rc3 Kh8 24. Be4 Qe7 25. Rd7 Qh4 26. Rxf7 Bb6 27. Rcf3 Rfd8
28. Qe6 Bxf2+ 29. Rxf2 1-0

[Event "OLNO 1920 SV Empor Berlin - SC Rotation"]
[Site "?"]
[Date "2020.03.01"]
[Round "7.7"]
[White "Mueller, Michael"]
[Black "Schabe, Felix"]
[Result "1-0"]
[WhiteElo "2238"]
[BlackElo "1964"]
[PlyCount "61"]
[EventDate "2020.??.??"]

1. d4 Nf6 2. c4 g6 3. Nc3 Bg7 4. e4 d6 5. f3 O-O 6. Bg5 Nc6 7. d5 Ne5 8. f4
Ned7 9. Nh3 c6 10. Nf2 Qb6 11. Qd2 cxd5 12. cxd5 Nc5 13. Rb1 Re8 14. b4 Ng4 15.
Nxg4 Bxc3 16. Nh6+ Kg7 17. Qxc3+ f6 18. Bd3 Nxd3+ 19. Qxd3 e5 20. Rf1 exf4 21.
Bxf6+ Kxf6 22. Rxf4+ Kg7 23. Nf7 Bf5 24. Kd2 Rxe4 25. Rxe4 Kxf7 26. Rf1 Kg8 27.
g4 Bxe4 28. Qxe4 Kh8 29. Rf4 Qc7 30. Qc4 Rc8 31. Rf8+ 1-0

[Event "OLNO 1920 SV Empor Berlin - SC Rotation"]
[Site "?"]
[Date "2020.03.01"]
[Round "7.8"]
[White "Jahn, Thomas"]
[Black "Jeske, Eckhard"]
[Result "1-0"]
[WhiteElo "2209"]
[BlackElo "2158"]
[PlyCount "49"]
[EventDate "2020.??.??"]

1. e4 c6 2. d4 d5 3. Nd2 dxe4 4. Nxe4 Nd7 5. Ng5 Nb6 6. Bd3 Nf6 7. N1f3 Bg4 8.
c3 Bxf3 9. Qxf3 h6 10. Ne4 Nxe4 11. Bxe4 e6 12. Qg3 Nd5 13. O-O Qd6 14. Qf3 Be7
15. Re1 O-O 16. Bc2 Rae8 17. Qe4 Nf6 18. Qd3 Rc8 19. Re3 Rfd8 20. Rg3 Kf8 21.
Be3 Nd5 22. Rxg7 Bf6 23. Rxf7+ Kxf7 24. Qg6+ Ke7 25. Qh7+ 1-0

[Event "OLNO 1920 SG Lok Brandenburg - SC Kreuz"]
[Site "?"]
[Date "2020.03.01"]
[Round "7.1"]
[White "Thesing, Matthias"]
[Black "Rehberg, Raphael"]
[Result "1/2-1/2"]
[WhiteElo "2311"]
[BlackElo "2212"]
[PlyCount "84"]
[EventDate "2020.??.??"]

1. e4 c5 2. Nf3 e6 3. d4 cxd4 4. Nxd4 a6 5. g3 d5 6. Nf3 Nf6 7. e5 Ne4 8. Nbd2
Qc7 9. Bd3 Nc5 10. O-O Nc6 11. Qe2 Nxd3 12. cxd3 g5 13. Nxg5 Qxe5 14. Qh5 Qf5
15. f4 Bg7 16. Re1 Qg6 17. Qxg6 hxg6 18. a3 Nd4 19. Rb1 Bd7 20. Ndf3 Nxf3+ 21.
Nxf3 Bb5 22. Rd1 Rc8 23. b3 Rc2 24. a4 Bc6 25. Rd2 Rxd2 26. Bxd2 d4 27. Ne5 Bd5
28. Rc1 Bxe5 29. fxe5 Kd7 30. Ba5 Rc8 31. Rxc8 Kxc8 32. Bb6 Bxb3 33. a5 Bc2 34.
Bxd4 Bxd3 35. Kf2 Kd7 36. Ke3 Bc2 37. Kf4 f6 38. exf6 Ke8 39. Kg5 Kf7 40. Be5
Bd3 41. h4 Bc2 42. Kf4 Bd3 1/2-1/2

[Event "OLNO 1920 SG Lok Brandenburg - SC Kreuz"]
[Site "?"]
[Date "2020.03.01"]
[Round "7.3"]
[White "Glantz, Robert"]
[Black "Walter, Guenter"]
[Result "1-0"]
[WhiteElo "2313"]
[BlackElo "2150"]
[PlyCount "47"]
[EventDate "2020.??.??"]

1. e4 d6 2. d4 Nf6 3. Nc3 g6 4. h3 Bg7 5. g4 Nbd7 6. Bg2 e5 7. Nge2 exd4 8.
Nxd4 O-O 9. O-O Re8 10. Nde2 Nc5 11. Ng3 Bd7 12. g5 Nh5 13. Nxh5 gxh5 14. Qxh5
Bxc3 15. bxc3 Nxe4 16. c4 Bf5 17. h4 Re6 18. Qf3 Re5 19. Bb2 Nd2 20. Qf4 Nxf1
21. Bxe5 dxe5 22. Qxf5 Nd2 23. Rd1 Qd4 24. Bd5 1-0

[Event "OLNO 1920 SG Lok Brandenburg - SC Kreuz"]
[Site "?"]
[Date "2020.03.01"]
[Round "7.4"]
[White "Urban, Hans-Rainer"]
[Black "Moritz, Aron"]
[Result "1/2-1/2"]
[WhiteElo "2036"]
[BlackElo "2212"]
[PlyCount "92"]
[EventDate "2020.??.??"]

1. e4 c5 2. a3 d6 3. Nc3 Nc6 4. Bc4 g6 5. d3 Bg7 6. h3 e6 7. Nf3 Nge7 8. O-O
O-O 9. Rb1 h6 10. Re1 a6 11. Ne2 b5 12. Ba2 Bb7 13. Be3 Kh7 14. d4 cxd4 15.
Nexd4 Ne5 16. Nd2 Rc8 17. Qe2 d5 18. f4 N5c6 19. Nxc6 Rxc6 20. c3 dxe4 21. Nxe4
Qc7 22. Rbd1 Nf5 23. Bc1 Nd6 24. Bb1 Rd8 25. Nxd6 Rcxd6 26. Rxd6 Qxd6 27. Be4
Bxe4 28. Qxe4 Bf6 29. g3 Rd7 30. Kf2 Bd8 31. Be3 Bb6 32. Bxb6 Qxb6+ 33. Qe3 Qc6
34. Qe2 Qc5+ 35. Kg2 Qd5+ 36. Kf2 a5 37. Qe4 Qc5+ 38. Qe3 Qc4 39. Re2 Rd1 40.
Qe5 Qc6 41. Qe4 Qc5+ 42. Qe3 Qf5 43. g4 Qb1 44. Kg2 Rd7 45. Qf2 Qd1 46. Qf1
Qd5+ 1/2-1/2

[Event "OLNO 1920 SG Lok Brandenburg - SC Kreuz"]
[Site "?"]
[Date "2020.03.01"]
[Round "7.6"]
[White "Rettig, Maik"]
[Black "Glienke, Manfred"]
[Result "1/2-1/2"]
[WhiteElo "2045"]
[BlackElo "2233"]
[PlyCount "32"]
[EventDate "2020.??.??"]

1. d4 Nf6 2. Nf3 e6 3. Bg5 d5 4. e3 Be7 5. Nbd2 O-O 6. Bd3 Nbd7 7. c3 c5 8. O-O
b6 9. Ne5 Nxe5 10. dxe5 Nd7 11. Bxe7 Qxe7 12. f4 f6 13. exf6 Nxf6 14. Nf3 Bb7
15. Ne5 Rad8 16. Qe2 d4 1/2-1/2

[Event "OLNO 1920 SG Lok Brandenburg - SC Kreuz"]
[Site "?"]
[Date "2020.03.01"]
[Round "7.7"]
[White "Holzapfel, Daniel"]
[Black "Schulz, Norbert"]
[Result "1-0"]
[WhiteElo "2240"]
[BlackElo "2059"]
[PlyCount "57"]
[EventDate "2020.??.??"]

1. d4 Nf6 2. Nf3 g6 3. c4 Bg7 4. Nc3 O-O 5. e4 d6 6. Be2 Nbd7 7. O-O e5 8. Re1
exd4 9. Nxd4 Nc5 10. Bf1 a5 11. f3 Ne6 12. Be3 Nh5 13. Qd2 Be5 14. Nde2 f5 15.
exf5 gxf5 16. f4 Bg7 17. Rad1 Nf6 18. h3 Bd7 19. Ng3 Nc5 20. Qc2 Qc8 21. Bxc5
dxc5 22. Bd3 Ne4 23. Ngxe4 fxe4 24. Bxe4 Ra6 25. Bxb7 Qxb7 26. Rxd7 Rg6 27. Nd5
Kh8 28. f5 Qc6 29. Rxc7 1-0

[Event "OLNO 1920 SG Lok Brandenburg - SC Kreuz"]
[Site "?"]
[Date "2020.03.01"]
[Round "7.8"]
[White "Mueller, Klaus"]
[Black "Sprotte, Norbert"]
[Result "0-1"]
[WhiteElo "1935"]
[BlackElo "2166"]
[PlyCount "116"]
[EventDate "2020.??.??"]

1. e4 e6 2. d4 d5 3. Bd3 c5 4. exd5 exd5 5. dxc5 Bxc5 6. Nf3 Ne7 7. O-O Bg4 8.
Bf4 Nbc6 9. Nbd2 Qd7 10. c3 O-O 11. h3 Bf5 12. Nb3 Bb6 13. Bxf5 Nxf5 14. Qd2
Rad8 15. Rad1 Nce7 16. Rfe1 Ng6 17. Ne5 Qa4 18. Nxg6 hxg6 19. Nc1 d4 20. b3
dxc3 21. bxa4 cxd2 22. Rxd2 Ba5 23. Rxd8 Rxd8 24. Re4 Rd1+ 25. Kh2 Bb6 26. g4
Nd4 27. Kg2 Ne6 28. Ne2 Ra1 29. Nc3 Ba5 30. Bd2 Bxc3 31. Bxc3 Rxa2 32. Rc4 Rc2
33. h4 b6 34. Kf3 a5 35. Ke3 Nc5 36. Kd4 Rxf2 37. Bxa5 Rf4+ 38. Kd5 Rxc4 39.
Kxc4 bxa5 40. Kxc5 f5 41. g5 Kf7 42. Kd5 Kf8 43. Kd4 Ke8 44. Ke5 Ke7 45. Kd5
Kd7 46. Ke5 Kc6 47. Ke6 f4 48. Kf7 f3 49. Kxg6 f2 50. Kxg7 f1=Q 51. h5 Qf5 52.
Kh6 Qf4 53. Kg6 Qxa4 54. Kh7 Qh4 55. Kh6 Qf4 56. Kg6 a4 57. h6 a3 58. h7 Qf8
0-1